000 00797nam a2200253Ia 4500
003 OSt
005 20220923211152.0
006 a|||||r|||| 00| 0
007 ta
008 Pun
020 _a81876541686 (hbk)
_c200
024 _a239,949
037 _b168, 24/10/2009, H.K. Prakashan
_cTextual
040 _aARTS
_cARTS
_bPun
041 _2Pun
_aPun
082 _aO153:g, P9
100 _aਕੁਲਦੀਪ ਕੌਰ
_9156278
245 0 _aਪੰਜਾਬੀ ਸਾਹਿਤ ਸੰਵਾਦ
260 _aਦਿੱਲੀ
_b ਮਨਪ੍ਰੀਤ ਪ੍ਰਕਾFਨ
_c2009
300 _a120ਪੰ
_ccm.
650 _aਪੰਜਾਬੀ ਸਾਹਿਤ
942 _hO153:g, P9
_cTEXL
_2CC
999 _c296259
_d296259